Statistics for Династија Петровић-Његош

Click here to take the quiz!

General Stats

  • This quiz has been taken 9 times
  • The average score is 6 of 7

Answer Stats

Титула Владавина Answer % Correct
1784-1830Петар I
100%
1830-1851Петар II
100%
Владика1696-1735Данило
88%
Књаз1860-1910Никола
88%
1750-1766Василије
75%
1735-1781Сава
63%

Score Distribution

Percentile by Number Answered

Percent of People with Each Score

Your Score History

You have not taken this quiz